Les plus grandes destinations aériennes depuis Paris - Sur une carte - Statistiques

Statistiques générales
  • Ce quiz a été pris 69 788 fois
  • Le résultat moyen est 37 sur 50
Réponses sur la Carte
Les réponses sont colorées sur une échelle allant du rouge au vert en fonction du pourcentage des utilisateurs qui les ont devinées à leur premier essai. Vous pouvez retrouver ces pourcentages ci-dessous.
 
Statistiques - réponses
Voyageurs Villes % Correct
2 294 359 New York
97%
2 463 732 Madrid
96%
2 117 424 Londres
95%
2 032 826 Rome
93%
1 979 869 Lisbonne
92%
954 422 Tokyo
92%
2 498 712 Barcelone
91%
1 287 325 Berlin
91%
956 314 Los Angeles
91%
1 560 040 Marseille
91%
830 980 Moscou
90%
1 524 740 Alger
89%
1 218 238 Bordeaux
86%
852 630 Dublin
86%
695 484 Lyon
84%
682 062 Pékin
84%
1 127 049 Tunis
84%
1 382 884 Amsterdam
83%
902 718 Athènes
83%
3 184 661 Nice
81%
1 226 546 Porto
81%
3 218 040 Toulouse
81%
687 088 Séoul
79%
1 185 537 Dubaï
78%
1 319 704 Istanbul
77%
2 032 871 Milan
77%
877 421 Marrakech
75%
942 651 Vienne
72%
1 394 924 Montréal
71%
971 766 Shanghai
69%
1 059 825 Genève
68%
1 014 084 Munich
68%
680 914 Manchester
67%
1 371 652 Saint-Denis
65%
638 297 San Francisco
65%
1 248 117 Casablanca
64%
989 059 Montpellier
64%
658 709 Stockholm
64%
814 522 Prague
63%
1 090 659 Venise
63%
881 460 Copenhague
60%
631 792 Bayonne
56%
1 217 234 Fort-de-France
56%
723 912 Zurich
56%
1 131 633 Tel Aviv
52%
749 676 Doha
49%
1 429 730 Pointe-à-Pitre
48%
1 041 528 Francfort
47%
850 702 Atlanta
41%
798 858 Málaga
41%
Aucun quiz correspondant
Distribution des résultats
% des personnes avec chaque résultat
Percentile par nombre de réponses
Votre historique - résultats
Vous n’avez pas pris ce quiz